| Поле | Инд. | ПП | Название | Значение |
|---|---|---|---|---|
| Тип записи | a | |||
| Библиографический уровень | m | |||
| 001 | Контрольный номер | 4ffec59c-1d7a-41a5-a56b-533e8c4f93b5 | ||
| 005 | Дата корректировки | 20140226173228.2 | ||
| 008 | Кодируемые данные | 20010201s?a aznnnabbn zn aan | ||
| 020 | a | ISBN | 5-02-013850-9 | |
| c | Цена, тираж | 1.90 | ||
| a | ISBN | 5-02-014421-5 (в пер.) | ||
| 040 | a | Служба первич. каталог. | RU-RKP | |
| a | Служба первич. каталог. | НБ ТвГУ | ||
| 041 | a | Код языка текста | rus | |
| 080 | a | Индекс УДК | 530.1(075.8) | |
| 084 | a | Индекс другой классификации/Индекс ББК | В31я731-1 | |
| 090 | x | Авторский знак | Л22 | |
| a | Полочн. индекс | В31 | ||
| 092 | a | 29.05 | ||
| 100 | 1_ | a | Автор | Ландау Лев Давидович |
| 245 | 10 | a | Заглавие | Теоретическая физика |
| n | Номер части/ раздела | Т. 3 | ||
| p | Название части/ раздела | Квантовая механика. Нерелятивистская теория | ||
| b | Продолж. заглавия | [Учеб. пособие для физ. спец. ун-тов] : В 10 т. | ||
| c | Ответственность | Л. Д. Ландау, Е. М. Лифшиц | ||
| 250 | a | Основные сведения об издании | 4-е изд. | |
| b | Дополнительные сведения об издании | испр. при участии Л. П. Питаевского | ||
| 260 | 0_ | a | Место издания | Москва |
| b | Издательство | Наука | ||
| c | Дата издания | 1989 | ||
| 300 | a | Объем | 767 с. | |
| b | Иллюстрации/ тип воспроизводства | ил. | ||
| c | Размеры | 22 см | ||
| 500 | a | Примечание | На корешке только загл. тома | |
| 504 | a | Библиография | Предм. указ.: с. 766-767 | |
| 650 | a | Основная рубрика | Квантовая механика | |
| 650 | a | Основная рубрика | Физика теоретическая | |
| x | Основная подрубрика | Учебники и пособия | ||
| 653 | a | Ключевые слова | Учебники | |
| 700 | 1_ | a | Другие авторы | Лифшиц Евгений Михайлович |
| e | Роль лиц | авт. | ||
| 852 | t | Порядковый номер экземпляра | 5 | |
| p | Инвентарный номер | 602010 | ||
| p | Инвентарный номер | 612716 | ||
| p | Инвентарный номер | 616437 | ||
| p | Инвентарный номер | 625100 | ||
| p | Инвентарный номер | 646291 | ||
| 930 | a | Новая/Ретро | учебники | |
| 999 | a | Подразделение 2 | Фил3 |